000 01916nam a2200361 a 4500
999 _c161608
_d161608
003 BLK
005 20240415130916.0
008 180410b bul|||||r ||||||| ||bul||
010 _aKNG00168933000
040 _aBLK
041 _aBUL
_cBUL
072 7 _2bullib
_aК
_xКраезнание
072 7 _2bullib
_aЦ
_xРедки и ценни
080 _aБългарска литература
_b821.163.2
_x-2
_z821.163.2-2
100 _aСтанчев, Тодор
_d1849-1903
_gЖурналист, литератор, общественик, театрален деец.
_qДрагошинов, Тодор Хаджистанчев
_9378312
139 _aХаджистанчев, Тодор
_bХ 16
245 1 0 _aПревземането на Пирот от българските войски
_bНа 14 и 15 ноем. 1885 : Трагедия в 4 д.
_cТ. Х. Станчев.
257 _aBGR
260 _aРусе
_c1886
_fРусе : скоропеч. на в. Славянин
300 _a31 с.
_c18 см
380 _aX
490 _9435080
_aКолекция Редки и ценни издания
500 _aПълната форма на името на авт. Тодор Хаджистанчев е Тодор Хаджистанчев Драгошинов.
852 _aРб 886
_bРц
852 _aК 821.163.2/Х 16
_bК
856 4 _qpdf
_i0.00
_lreg users access
_fПревземането на Пирот от българските войски
_uhttp://185.138.176.146:18082/cgi-bin/koha/opac-retrieve-file.pl?id=a814df83513adfc67273dc879f95f8bc
_xebook
_zПревземането на Пирот от българските войски
856 4 _qpdf
_i0.00
_ldisable
942 _cKNG
_n0
_s1
944 _aCR
_c18.12.2014
_lМоника Янева
_k30570
944 _aED
_c2023-04-18
_kКети
999 _d161608
999 _d161608